| 000 | 00813ngm a22003250a 4500 | ||
|---|---|---|---|
| 001 | PT39855 | ||
| 003 | AR-LpoUNG | ||
| 005 | 20210201235841.0 | ||
| 007 | vd cvaizq | ||
| 008 | 191001s2005||||ag |||||||||||||||||spa d | ||
| 040 |
_aAR-LpoUNG _bspa _cAR-LpoUNG _eaacr |
||
| 041 | _aspa | ||
| 044 | _aag | ||
| 082 | 0 | _a306.484 632rum | |
| 100 | 1 |
_aFloramonte, Marcelo _edir. |
|
| 245 | 1 | 0 | _aRumberos |
| 260 |
_aBuenos Aires : _bPánico Madrid, _c2005. |
||
| 300 | _aDVD (41 min.) : son., col. | ||
| 505 | 0 | _aGuión y Producción: Marcelo Floramonte. Sonido: Gerardo Pietrafesa. | |
| 650 | 4 | _aCUBA | |
| 650 | 4 | _aCULTURA POPULAR | |
| 650 | 4 | _aMUSICA | |
| 653 | _aBAILE | ||
| 653 | _aCINE CUBANO | ||
| 653 | _aDOCUMENTALES | ||
| 653 | _aDVD | ||
| 653 | _aVIDEOS | ||
| 905 | _a39855 | ||
| 942 | _cDVD | ||
| 999 |
_c53595 _d53595 |
||